000 01350nac a22003377a 4500
001 BR8801261
003 BR-BrBNA
005 20240105120722.0
008 230509b bl.|||m| |||| 00| 0 por d
040 _aBR-BrBNA
_bpor
_cBiblioteca Nacional de Agricultura
072 _aL01; L02; F01
090 _a5250 BR8801261
100 1 _aMesquita, R.C.M.
100 1 _aKawas, J.R.
100 1 _aJohnson, W.L.
110 1 _aCentro Nacional de Pesquisa de Caprinos, Sobral, CE (Brasil)
_91759
111 1 _a1. Reuniao Tecnico-Cientifica do Programa de Apoio a Pesquisa Colaborativa e Pequenos Ruminantes
_cSobral, CE (Brazil)
_d14-18 Apr 1986
245 1 _aCaprinos e ovinos no Nordeste do Brasil: Anais da 1. Reuniao Tecnico-Cientifica do Programa de Apoio a pesquisa Colaborativa de Pequenos Ruminantes
246 1 _a[Goats and ovines at northeast of Brazil: Annals of 1. Technical Scientific Reunion of the Research Program on Goats and Sheeps]
260 3 _aSobral, CE (Brasil):
_c1986.
300 _a447 p.
490 _aDocumentos - Centro Nacional de Pesquisa de Caprinos (Brazil)
_vno. 6
_x
650 _aCAPRINO
650 _aOVINO
650 _aPRODUCAO ANIMAL
650 _aNUTRICAO ANIMAL
650 _aFORRAGICULTURA
650 _aREGIAO NORDESTE
909 _a202312
_bLúcia Elande
_c55
_dLúcia Elande
942 _2AGRIS
_n0
_cMS
999 _c281066
_d281066